LEADER 01397nam a2200217 i 4500 001 000000052055 003 CaOOAMICUS 005 20250506092602.0 008 100722s1950 it u000 u ita u 013 $a23227 040 $aSeMil$bita 100 1 $aRossi, Giuseppe .$0(OLS)http://semarc/name/25702 245 13$aIl Giubileo Universale dell'Anno Santo 1950 esteso all'Universo Orbe Cattolico per tutto l'anno 1951 in favore dei fedeli che dimorano fuori di Roma e del suo Suburbio :$bmanuale teorico-pratico per l'applicazione della Costituzione apostolica per annum sacrum e della istruzione quandoquidem della sacra penitenzieria /$cGiuseppe Rossi. 260 $aTorino :$bLICE-Berruti & C.,$cimprim. 1950. 300 $a95 p. ;$c23 cm. 650 4$aGiubilei - 1950.$0(OLS)http://semarc/subject/3404 850 $aSeMil 852 $aSeMil$W1$xVenegono$y1$m2H II 35$j251691$B18210$CSeMilBibl$Z2$F18211 $81 996 $6245$aIl Giubileo Universale dell'Anno Santo 1950 esteso all'Universo Orbe Cattolico per tutto l'anno 1951 in favore dei fedeli che dimorano fuori di Roma e del suo Suburbio :$bmanuale teorico-pratico per l'applicazione della Costituzione apostolica per annum sacrum e della istruzione quandoquidem della sacra penitenzieria$9(OLS)http://semarc/title/79811 996 $6260$aTorino :$bLICE-Berruti & C.$9(OLS)http://semarc/publisher/32683 LEADER 01003nam a2200205 i 4500 001 000000205021 003 CaOOAMICUS 005 20110812000000.0 008 110812s1809 it u000 u ita u 013 $a183754 026 $ar-t- n-ai r-e- l'te (3) 1809 (A) 040 $aSeMil$bita 245 10$aVol. 6. 300 $a[2], 370, [2] p., [18] carte di tav. :$britr. 490 0 $aEdizione delle opere classiche italiane 773 0 $aVasari, Giorgio <1511-1574>$tVite de' pił eccellenti pittori, scultori e architetti scritte da Giorgio Vasari pittore e architetto aretino illustrate con note. Volume 1. [-16.].$dMilano : Tip. de' Classici Italiani, contrada di S. Margherita, n.° 1118, 1807-1811.$kEdizione delle opere classiche italiane$g6$w()25289 830 0$aEdizione delle opere classiche italiane.$0(OLS)http://semarc/title/33675 850 $aSeMil 852 $aSeMil$W1$xVenegono$y1$m1I I 18 FA$j155515$B155515$CSeMilBibl$Z2$F166804 $8I 996 $6245$aVol. 6$9(OLS)http://semarc/title/108698